| Tag |
First Indicator |
Second Indicator |
Subfields |
| LEADER |
00000cam a2200000Ii 4500 |
| 001 |
in00004447621 |
| 005 |
20210728141508.0 |
| 006 |
m o d |
| 007 |
cr mn||||||||| |
| 008 |
190228s2019 ne a ob 001 0 eng d |
| 020 |
|
|
|a 9789048539178
|q (electronic bk.)
|
| 020 |
|
|
|a 904853917X
|q (electronic bk.)
|
| 020 |
|
|
|z 9789462987500
|q (hardcover)
|
| 020 |
|
|
|z 9462987505
|q (hardcover)
|
| 024 |
8 |
|
|a 99986870020
|
| 035 |
|
|
|a (NhCcYBP)jstor22573/CTVD07G8D
|
| 037 |
|
|
|a 22573/ctvd07g8d
|b JSTOR
|
| 040 |
|
|
|a NhCcYBP
|c NhCcYBP
|d UtOrBLW
|
| 043 |
|
|
|a e------
|
| 050 |
|
4 |
|a HQ1149.E85
|b W65 2019
|
| 072 |
|
7 |
|a SOC
|x 031000
|2 bisacsh
|
| 072 |
|
7 |
|a SOC
|x 020000
|2 bisacsh
|
| 082 |
0 |
4 |
|a 305.40940903
|2 23
|
| 245 |
0 |
0 |
|a Women on the edge in early modern Europe /
|c edited by Lisa Hopkins and Aidan Norrie.
|
| 264 |
|
1 |
|a Amsterdam :
|b Amsterdam University Press (Bibliovault) :
|b Amsterdam University Press,
|c [2019]
|
| 264 |
|
4 |
|c ©2019
|
| 300 |
|
|
|a 1 online resource.
|
| 336 |
|
|
|a text
|b txt
|2 rdacontent
|
| 337 |
|
|
|a computer
|b c
|2 rdamedia
|
| 338 |
|
|
|a online resource
|b cr
|2 rdacarrier
|
| 490 |
1 |
|
|a Gendering the late medieval and early modern world
|
| 504 |
|
|
|a Includes bibliographical references and index
|
| 505 |
0 |
|
|a Introduction: early modern European women and the edge / Aidan Norrie and Lisa Hopkins -- 'At the mercy of a strange woman' / Lara Thorpe -- Chemistry, medicine, and beauty on the edge: Marie Meurdrac / Sarah Gordon -- Anna Stanislawska's Orphan Girl of 1685 / Lynn Lubamersky -- Touching on the margins / Alex MacConochie -- Anna Trapnel: prophet or witch? / Debra Parish -- Wife, widow, exiled queen / Jessica O'Leary -- On the edge of the s(h)elf: Arbella Stuart / Lisa Hopkins -- Cecilia of Sweden: princess, margravine, countess, regent / Aidan Norrie -- 'Elizabeth the forgotten' / Jessica L. Becker -- Catalina de Erauso--'the lieutenant nun'--at the turn of the twenty-first century / Eva Mendieta
|
| 588 |
0 |
|
|a Print version record
|
| 500 |
|
|
|a Electronic resource.
|
| 650 |
|
0 |
|a Women
|z Europe
|x History
|y 16th century.
|
| 650 |
|
0 |
|a Women
|z Europe
|x History
|y 17th century.
|
| 650 |
|
0 |
|a Women
|z Europe
|v Biography.
|0 http://id.loc.gov/authorities/subjects/sh2010118963
|
| 648 |
|
7 |
|a 1500-1699
|2 fast
|
| 655 |
|
7 |
|a Electronic books.
|2 local
|
| 700 |
1 |
|
|a Hopkins, Lisa,
|e editor.
|0 http://id.loc.gov/authorities/names/no2003022049
|
| 700 |
1 |
|
|a Norrie, Aidan,
|e editor.
|0 http://id.loc.gov/authorities/names/no2018128206
|
| 710 |
2 |
|
|a JSTOR (Organization)
|0 http://id.loc.gov/authorities/names/no97001983
|
| 776 |
1 |
8 |
|i Print version:
|t Women on the edge in early modern Europe.
|d Amsterdam : Amsterdam University Press, [2019]
|z 9462987505
|
| 830 |
|
0 |
|a Gendering the late medieval and early modern world.
|0 http://id.loc.gov/authorities/names/no2018113650
|
| 856 |
4 |
0 |
|u http://proxy.library.tamu.edu/login?url=https://www.jstor.org/stable/10.2307/j.ctvcwp0b0
|z Connect to the full text of this electronic book
|t 0
|
| 945 |
|
|
|b 816783
|
| 955 |
|
|
|a YBP purchased JSTOR DDA e-records
|
| 980 |
|
|
|b 179.99
|g 1
|
| 999 |
f |
f |
|s 0d969c2a-83b2-3418-9a58-13615f1f96a2
|i b0449b1e-e50e-339c-b73d-0599d0f9feb8
|t 0
|
| 952 |
f |
f |
|a Texas A&M University
|b College Station
|c Electronic Resources
|d Available Online
|t 0
|e HQ1149.E85 W65 2019
|h Library of Congress classification
|
| 998 |
f |
f |
|a HQ1149.E85 W65 2019
|t 0
|l Available Online
|